Structural Dynamics and Vibration in Practice : (Record no. 15210)
[ view plain ]
| 000 -LEADER | |
|---|---|
| fixed length control field | 00664nam a22001937a 4500 |
| 008 - FIXED-LENGTH DATA ELEMENTS--GENERAL INFORMATION | |
| fixed length control field | 110428s2008 NE|||||r|||| 001 0 eng d |
| 020 ## - INTERNATIONAL STANDARD BOOK NUMBER | |
| International Standard Book Number | 0750680024 |
| 020 ## - INTERNATIONAL STANDARD BOOK NUMBER | |
| International Standard Book Number | 9780750680028 |
| 082 ## - DEWEY DECIMAL CLASSIFICATION NUMBER | |
| Edition number | 22 |
| Classification number | 624.176 |
| Item number | THO |
| 100 ## - MAIN ENTRY--PERSONAL NAME | |
| 9 (RLIN) | 23455 |
| Personal name | Thorby, Douglas |
| 245 ## - TITLE STATEMENT | |
| Title | Structural Dynamics and Vibration in Practice : |
| Remainder of title | An Engineering handbook / |
| Statement of responsibility, etc | Douglas Thorby. |
| 260 ## - PUBLICATION, DISTRIBUTION, ETC. (IMPRINT) | |
| Place of publication, distribution, etc | Amsterdam : |
| Name of publisher, distributor, etc | Elsevier/Butterworth-Heinemann, 2008. |
| Date of publication, distribution, etc | 2008 |
| 300 ## - PHYSICAL DESCRIPTION | |
| Extent | xv, 401 p. : |
| Other physical details | ill. ; |
| Dimensions | 25 cm. |
| 504 ## - BIBLIOGRAPHY, ETC. NOTE | |
| Bibliography, etc | Includes bibliographical references and index. |
| 650 ## - SUBJECT ADDED ENTRY--TOPICAL TERM | |
| 9 (RLIN) | 12627 |
| Topical term or geographic name as entry element | Vibration. |
| 653 ## - INDEX TERM--UNCONTROLLED | |
| Resource For college | |
| Arrived date list | April2011 |
| 650 ## - SUBJECT ADDED ENTRY--TOPICAL TERM | |
| 9 (RLIN) | 12018 |
| Topical term or geographic name as entry element | Structural dynamics |
| 942 ## - ADDED ENTRY ELEMENTS (KOHA) | |
| Source of classification or shelving scheme | Dewey Decimal Classification |
| Item type | Book - Borrowing |
| Withdrawn status | Item status | Source of classification or shelving scheme | Damaged status | Not for loan | Vendor | Home library | Current library | Shelving location | Date acquired | Source of acquisition | Cost, normal purchase price | Serial Enumeration / chronology | Total Checkouts | Full call number | Barcode | Date last seen | Koha item type |
|---|---|---|---|---|---|---|---|---|---|---|---|---|---|---|---|---|---|
| Dewey Decimal Classification | Arab Oasis | Central Library | Central Library | First floor | 28/04/2011 | 250.00 | 72 | 624.176 THO | 000023434 | 15/07/2025 | Book - Borrowing |